000 00559nam a2200193Ia 4500
003 GCL
008 140319s9999 xx 000 0 ara d
040 _aGCL /
_cGCL
082 0 4 _a415.1
_bم م
100 1 _aمحمود توفيق محمد سعد
245 1 0 _aمسالك العطف بين الانشاء والخبر /
_cمحمود توفيق محمد سعد
300 _a64 ص
490 _a
650 0 4 _aالنحو
650 0 4 _aاللغة العربية
650 0 4 _aالبلاغة العربية
650 0 4 _aالدلالة
942 _2ddc
_cBK
999 _c37528
_d37528